Jin Songs Quiz (2026) - Statistics

General Stats
  • This quiz has been taken 68 times
    37 since last reset
  • The average score is 13 of 20
Answer Stats
Album/EP Song % Correct
Echo Don't Say You Love Me
89%
Happy Running Wild
82%
Rope It
79%
Background
75%
Loser (feat. YENA)
75%
Nothing Without Your Love
75%
I'll Be There
71%
Super Tuna
71%
The Astronaut
71%
Abyss
68%
Another Level
68%
Heart on the Window (with WENDY)
68%
With the Clouds
68%
Falling
64%
To Me, Today
61%
Tonight
61%
Singles/Other Songs It's Definitely You
54%
I will come to you
50%
Yours
50%
Close To You
39%
No matching quizzes found
Score Distribution
Percent of People with Each Score
Percentile by Number Answered
Your Score History
You have not taken this quiz since the last reset